000 00219 a2200109 4500
020 _a9780590905053
041 _aspa
100 _aLillie, Patricia
245 _aCuando esta caja este llena
942 _cBK
952 _71
999 _c25325
_d25325